000 00335nam a2200133Ia 4500
008 210210b1973 xxu||||| |||| 00| 0 eng d
082 _a301 LARM
100 _aLARSON (Calvin J).
245 _aMajor themes in sociological theory.
260 _aNY
_bDavid Mckay Co.
_c1973
300 _axii,254
690 _aSociology
906 _a041118
999 _c91274
_d91274